书目信息 |
| 题名: |
ASP.NET MVC 1.0高级编程
|
|
| 作者: | 康纳利 , Scott Hanselman , Phil Haack , Scott Guthrie 著 | |
| 分册: | ||
| 出版信息: | 北京 清华大学出版社 2010.03 |
|
| 页数: | 422页 | |
| 开本: | 26cm | |
| 丛书名: | ||
| 单 册: | ||
| 中图分类: | TP393.092 | |
| 科图分类: | ||
| 主题词: | 主页制作--程序设计 | |
| 电子资源: | ||
| ISBN: | 978-7-302-22243-9 | |
| 000 | 01136nam0 2200313 450 | |
| 001 | 1057064953 | |
| 005 | 20101120155321.89 | |
| 010 | @a978-7-302-22243-9@dCNY58.00 | |
| 100 | @a20101129d2010 y0chiy0120 ea | |
| 101 | 1 | @achi@ceng |
| 102 | @aCN@b110000 | |
| 105 | @ay z 000yy | |
| 200 | 1 | @aASP.NET MVC 1.0高级编程@AASP.NET MVC 1.0 gao ji bian cheng@f(美) Rob Conery … [等] 著@g冯飞译 |
| 210 | @a北京@c清华大学出版社@d2010.03 | |
| 215 | @a422页@d26cm | |
| 304 | @a著者还有:(美)Scott Hanselman、(美)Phil Haack、(美)Scott Guthrie | |
| 305 | @a由Wiley Publishing, Inc.授权出版 | |
| 312 | @a英文题名:取自封面 | |
| 314 | @a本书责任者的汉译姓:取自版权页 | |
| 330 | @a本书首先提供了一个说明如何构建应用程序的完整演示,然后深入介绍MVC的基本概念和历史,并快速过渡到讨论ASP.NET MVC模式如何实现这些概念。 | |
| 500 | 10 | @afessional ASP.NET MVC 1.0@mChinese |
| 606 | 0 | @a主页制作@x程序设计 |
| 690 | @aTP393.092@v4 | |
| 701 | 1 | @a康纳利@Akang na li@g(Conery, Rob)@4著 |
| 701 | 0 | @aScott Hanselman@4著 |
| 701 | 0 | @aPhil Haack@4著 |
| 701 | 0 | @aScott Guthrie@4著 |
| 801 | 0 | @aCN@c20101129 |
| 905 | @dTP393.092@eK260 | |
| ASP.NET MVC 1.0高级编程/(美) Rob Conery … [等] 著/冯飞译.-北京:清华大学出版社,2010.03 |
| 422页;26cm |
| ISBN 978-7-302-22243-9:CNY58.00 |
| 本书首先提供了一个说明如何构建应用程序的完整演示,然后深入介绍MVC的基本概念和历史,并快速过渡到讨论ASP.NET MVC模式如何实现这些概念。 |
| ● |
| 相关链接 |
|
|
|
正题名:ASP.NET MVC 1.0高级编程
索取号:TP393.092/K260
 
预约/预借
| 序号 | 登录号 | 条形码 | 馆藏地/架位号 | 状态 | 备注 |
| 1 | 1034348 | 210343485 | 自科库301/301自科库 126排2列2层/ [索取号:TP393.092/K260] | 在馆 | |
| 2 | 1034349 | 210343494 | 自科二线400A/400A自科库 1排2列6层/ [索取号:TP393.092/K260] | 在馆 | |
| 3 | 1034350 | 210343500 | 自科库301/301自科库 126排2列2层/ [索取号:TP393.092/K260] | 在馆 |